00567 2200217 4500001002100000005001700021035002400038040001200062082001100074084001900085100001700104245005500121260004200176300003100218650001600249850001200265990001800277990001800295990001800313990001800331YOGYA00000000000698120170110145757.0 0010-081400000006699 aYOPDYOG a028.55 aK.028.55-Tas-D aTasman, Abel a120 Jam di Belantara Bukit Barisan /cTasman, Abel ayogyakartabAdi Cita Karya Nusac1999 av, 102 hlm.bilus.c21 cm. aCerita anak aYOPDYOG a017-BPAD/P.02 a018-BPAD/P.02 a019-BPAD/P.02 a020-BPAD/P.02